| 000 | 00439nam a2200169Ia 4500 | ||
|---|---|---|---|
| 008 | 230725s2013 xx 000 0 und d | ||
| 041 | _aeng | ||
| 082 |
_a543.08 _bSET |
||
| 100 | _aSETHI P. D. | ||
| 245 | _aHIGH PERFORMANCE THIN LAYER CHROMATOGRAPHY VOL 2 | ||
| 260 |
_bCBS PUBLICATION & DISTRIBUTORS _c2013 |
||
| 300 | _a1288 | ||
| 365 | _h20 | ||
| 500 | _aTEXT BOOK | ||
| 501 | _aPQA | ||
| 650 | _aPHARMACEUTICAL QUALITY ASSURANCE | ||
| 999 |
_c756048 _d756048 |
||